Электрическая прочность монокристаллов твердых растворов щелочно-галоидных солей с замещенным галоидом; Известия Томского политехнического института [Известия ТПИ]; Т. 91 : Труды совещания по твердым диэлектрикам, Томск, сент. 1955 г.

Detalles Bibliográficos
Parent link:Известия Томского политехнического института [Известия ТПИ]/ Томский политехнический институт (ТПИ).— , 1944-1976
Т. 91 : Труды совещания по твердым диэлектрикам, Томск, сент. 1955 г..— 1956.— [С. 119-124]
Autor Principal: Трубицын А. М.
Summary:Заглавие с титульного листа
Электронная версия печатной публикации
Idioma:ruso
Publicado: 1956
Subjects:
Acceso en liña:http://www.lib.tpu.ru/fulltext/v/Bulletin_TPU/1956/v91/13.pdf
Formato: Electrónico Capítulo de libro
KOHA link:https://koha.lib.tpu.ru/cgi-bin/koha/opac-detail.pl?biblionumber=190306

MARC

LEADER 00000nla2a2200000 4500
001 190306
005 20231031175752.0
035 |a (RuTPU)RU\TPU\book\207321 
035 |a RU\TPU\book\207319 
090 |a 190306 
100 |a 20110120d1956 k y0rusy50 ca 
101 0 |a rus 
102 |a RU 
135 |a drnn ---uucaa 
181 0 |a i  
182 0 |a b 
200 1 |a Электрическая прочность монокристаллов твердых растворов щелочно-галоидных солей с замещенным галоидом  |b Электронный ресурс  |f А. М. Трубицын 
203 |a Текст  |c электронный 
215 |a 1 файл (451 Кб) 
230 |a Электронные текстовые данные (1 файл : 451 Кб) 
300 |a Заглавие с титульного листа 
300 |a Электронная версия печатной публикации 
320 |a [Библиогр.: с. 124 (6 назв.)] 
337 |a Adobe Reader 
461 1 |0 (RuTPU)RU\TPU\book\200995  |t Известия Томского политехнического института [Известия ТПИ]  |f Томский политехнический институт (ТПИ)  |d 1944-1976 
463 1 |0 (RuTPU)RU\TPU\book\207217  |t Т. 91 : Труды совещания по твердым диэлектрикам, Томск, сент. 1955 г.  |v [С. 119-124]  |d 1956  |p 454 с. 
610 1 |a электронный ресурс 
610 1 |a труды учёных ТПУ 
700 1 |a Трубицын  |b А. М. 
801 1 |a RU  |b 63413507  |c 20090320  |g PSBO 
801 2 |a RU  |b 63413507  |c 20111003  |g PSBO 
856 4 |u http://www.lib.tpu.ru/fulltext/v/Bulletin_TPU/1956/v91/13.pdf 
942 |c CF